[Event "SR 1. liga zapad 2012/2013"]
[Site "?"]
[Date "2013.03.23"]
[Round "10.6"]
[White "Gazik, Igor"]
[Black "Pagerka, Martin"]
[Result "0-1"]
[WhiteElo "2314"]
[BlackElo "2261"]
[PlyCount "138"]
[EventDate "2012.??.??"]

1. d4 Nf6 2. Nf3 g6 3. b3 Bg7 4. Bb2 O-O 5. g3 d5 6. Bg2 Ne4 7. O-O Bf5 8. Nh4
Be6 9. Nd2 Nxd2 10. Qxd2 Nd7 11. e4 c6 12. Rfe1 dxe4 13. Bxe4 Bd5 14. Bd3 b5
15. a4 bxa4 16. Rxa4 c5 17. Ra5 Bb7 18. Be4 Bxe4 19. Rxe4 cxd4 20. Bxd4 e5 21.
Bxa7 Qc7 22. Rea4 Rfd8 23. Be3 Nf8 24. Rd5 Ne6 25. Rxd8+ Rxd8 26. Qe2 Qe7 27.
Nf3 Qe8 28. Kg2 Rc8 29. Rc4 Rb8 30. Ne1 Bf8 31. Nd3 f6 32. Qf3 Qf7 33. Rc6 Re8
34. Kg1 e4 35. Qxe4 Nd8 36. Qc4 Nxc6 37. Qxc6 Rd8 38. b4 Rd6 39. Qa8 Re6 40.
Qd5 Kg7 41. b5 Qe8 42. Kg2 Qc8 43. c4 Rd6 44. Qe4 Re6 45. Qd4 Rd6 46. Qc3 Qb7+
47. f3 g5 48. Nc5 Qa8 49. Bxg5 Qa2+ 50. Kh3 Kg6 51. Bf4 Rd1 52. Ne4 Be7 53. Nd2
Re1 54. g4 Qa8 55. Ne4 Ra1 56. Qd3 Ra3 57. Nc3+ Kg7 58. Kg3 Qa7 59. Be3 Qc7+
60. Kh3 Bb4 61. Bd2 Bd6 62. Qf5 Be5 63. Nd5 Qf7 64. b6 Ra2 65. Bf4 Bd4 66. Bc7
Rb2 67. Bd8 Be5 68. f4 Qf8 69. fxe5 Qa3+ 0-1

[Event "SR 1. liga zapad 2012/2013"]
[Site "?"]
[Date "2013.03.23"]
[Round "10.6"]
[White "Gazik, Viktor"]
[Black "Pericka, Tomas"]
[Result "1-0"]
[WhiteElo "2059"]
[BlackElo "2029"]
[PlyCount "49"]
[EventDate "2012.??.??"]

1. e4 c5 2. Nf3 Nc6 3. Nc3 g6 4. d4 cxd4 5. Nxd4 Bg7 6. Be3 Nf6 7. Bc4 Qa5 8.
O-O O-O 9. Bb3 d6 10. h3 Qh5 11. Qd2 Bd7 12. Rae1 Rac8 13. f4 e5 14. Ndb5 exf4
15. Rxf4 Ne5 16. Nxd6 Rc6 17. Ref1 Bxh3 18. Rxf6 Bxf6 19. Rxf6 Be6 20. Bxe6
fxe6 21. Rxf8+ Kxf8 22. Nxb7 Ng4 23. Bf4 g5 24. Qd8+ Qe8 25. Qxg5 1-0

[Event "SR 1. liga zapad 2012/2013"]
[Site "?"]
[Date "2013.03.23"]
[Round "10.6"]
[White "Jozefek, Michal"]
[Black "Dobrotka, Martin"]
[Result "1-0"]
[WhiteElo "2060"]
[BlackElo "2235"]
[PlyCount "61"]
[EventDate "2012.??.??"]

1. d4 Nf6 2. c4 d6 3. Nf3 g6 4. Nc3 Bg7 5. e4 O-O 6. Be2 Nbd7 7. O-O e5 8. Re1
c6 9. Rb1 Qe7 10. dxe5 dxe5 11. b4 Rd8 12. Qc2 Nf8 13. Be3 Bg4 14. Qb2 N6d7 15.
b5 Nc5 16. bxc6 bxc6 17. Qa3 Nfe6 18. Na4 Bxf3 19. Bxf3 Bf8 20. Nxc5 Nxc5 21.
Red1 Rxd1+ 22. Rxd1 Rb8 23. h3 Rb7 24. Qa5 Rb8 25. Rd2 h5 26. Kh2 Kh7 27. Bxc5
Qxc5 28. Qc7 Qb4 29. Qxf7+ Bg7 30. Rd7 Rg8 31. Bxh5 1-0

[Event "SR 1. liga zapad 2012/2013"]
[Site "?"]
[Date "2013.03.23"]
[Round "10.6"]
[White "Kaniansky, Miroslav"]
[Black "Spacek, Oliver"]
[Result "1-0"]
[WhiteElo "2209"]
[BlackElo "1977"]
[PlyCount "103"]
[EventDate "2012.??.??"]

1. d4 Nf6 2. Nf3 g6 3. c4 Bg7 4. Nc3 d5 5. cxd5 Nxd5 6. e4 Nxc3 7. bxc3 c5 8.
Be3 Nc6 9. Qd2 Qa5 10. Rc1 cxd4 11. cxd4 Qxd2+ 12. Kxd2 O-O 13. d5 Rd8 14. Ke1
Na5 15. Bf4 e5 16. Bd2 b6 17. Bd3 f5 18. Ke2 fxe4 19. Bxe4 Ba6+ 20. Bd3 Bxd3+
21. Kxd3 Rxd5+ 22. Ke4 Rad8 23. Bg5 R8d7 24. Rc8+ Kf7 25. Rhc1 Nb7 26. Be3 Ra5
27. Ng5+ Ke7 28. Rg8 Bh6 29. Kf3 Nd6 30. Ne4 Bxe3 31. fxe3 Kf7 32. Rh8 Kg7 33.
Rxh7+ Kxh7 34. Nf6+ Kh6 35. Nxd7 e4+ 36. Kg3 Rxa2 37. Rc6 Rd2 38. Ne5 Kg5 39.
Rxd6 Rxd6 40. Nf7+ Kf5 41. Nxd6+ Ke5 42. Nc4+ Kd5 43. Nd2 a5 44. Kf2 Kc5 45.
Ke2 Kb4 46. Nxe4 b5 47. Kd2 Kb3 48. Kc1 a4 49. Kb1 b4 50. h4 Kc4 51. g4 Kd5 52.
h5 1-0

[Event "SR 1. liga zapad 2012/2013"]
[Site "?"]
[Date "2013.03.23"]
[Round "10.6"]
[White "Ocko, Martin"]
[Black "Huba, Martin"]
[Result "1/2-1/2"]
[WhiteElo "1661"]
[BlackElo "2190"]
[PlyCount "69"]
[EventDate "2012.??.??"]

1. e4 Nf6 2. e5 Nd5 3. c4 Nb6 4. d4 d6 5. f4 dxe5 6. fxe5 Nc6 7. Be3 Bf5 8. Nc3
e6 9. Be2 Qh4+ 10. g3 Qe7 11. Nf3 O-O-O 12. O-O Qb4 13. Qb3 Be7 14. Rfc1 a5 15.
c5 Nd5 16. Nxd5 Rxd5 17. Rc4 Qxb3 18. axb3 Bg4 19. b4 axb4 20. Ra8+ Nb8 21.
Rxb4 c6 22. Ra7 Rd7 23. Kf2 Bxf3 24. Kxf3 Rf8 25. Ke4 b5 26. Ra1 Rfd8 27. Rb3
Rb7 28. Rba3 Rd5 29. h4 f6 30. Bf4 f5+ 31. Ke3 Rbd7 32. Rd3 Rb7 33. Rda3 Rbd7
34. Rd3 Rb7 35. Rda3 1/2-1/2

[Event "SR 1. liga zapad 2012/2013"]
[Site "?"]
[Date "2013.03.23"]
[Round "10.6"]
[White "Pinter, Patrik"]
[Black "Nemeckay, Rastislav"]
[Result "1-0"]
[WhiteElo "2164"]
[BlackElo "1980"]
[PlyCount "78"]
[EventDate "2012.??.??"]

1. e4 e5 2. Nf3 Nc6 3. Bb5 a6 4. Ba4 Nf6 5. O-O b5 6. Bb3 Be7 7. Re1 d6 8. c3
O-O 9. h3 Na5 10. Bc2 c5 11. d4 Qc7 12. d5 c4 13. Nbd2 Bd7 14. Nf1 Nb7 15. Ng3
a5 16. Nh2 Rfe8 17. f4 exf4 18. Bxf4 b4 19. Nf3 Nc5 20. Nd4 g6 21. Qf3 b3 22.
axb3 Nxb3 23. Bxb3 cxb3 24. e5 dxe5 25. Bxe5 Bd6 26. Bxf6 Bxg3 27. Rxe8+ Rxe8
28. Nxb3 a4 29. Nd4 Be5 30. Rf1 Bxd4+ 31. Bxd4 f5 32. Qf2 Bb5 33. Re1 Qd7 34.
Rxe8+ Qxe8 35. Qh4 Qe2 36. Qd8+ Kf7 37. Qc7+ Qe7 38. Qb8 Be8 39. Qb6 Qe4 1-0

[Event "SR 1. liga zapad 2012/2013"]
[Site "?"]
[Date "2013.03.24"]
[Round "11.1"]
[White "Barczi, Tibor"]
[Black "Gazi, Mikulas"]
[Result "1-0"]
[WhiteElo "2070"]
[BlackElo "2103"]
[PlyCount "117"]
[EventDate "2012.??.??"]

1. e4 c5 2. Nf3 Nc6 3. d4 cxd4 4. Nxd4 Nf6 5. Nc3 g6 6. Bc4 d6 7. f3 Bg7 8.
Nce2 O-O 9. c3 Bd7 10. Be3 Rc8 11. Nxc6 Bxc6 12. Qb3 Qc7 13. Nd4 Bxe4 14. Be6
fxe6 15. fxe4 Qc4 16. Nxe6 Rf7 17. Bd4 Bh6 18. Qxc4 Rxc4 19. O-O Nxe4 20. Bxa7
Rxf1+ 21. Kxf1 Kf7 22. Nd4 Ra4 23. Bb6 Ra6 24. Bc7 Ke8 25. a4 Kd7 26. Nb5 Nc5
27. a5 Nb3 28. Ra4 Kc6 29. c4 Nd2+ 30. Ke2 Nxc4 31. Rxc4+ Kxb5 32. Rh4 Bg5 33.
Rxh7 Rc6 34. Bd8 Rc2+ 35. Kf3 Bf6 36. Bxe7 Bxe7 37. Rxe7 Kc6 38. Re2 Rc5 39. h4
Rxa5 40. g4 Rb5 41. Re6 g5 42. h5 Rxb2 43. Re2 Rb1 44. Rh2 Rb4 45. h6 Rf4+ 46.
Ke3 Rf8 47. h7 Rh8 48. Ke4 Kd7 49. Kf5 b5 50. Kg6 Kc6 51. Kg7 Rb8 52. h8=Q Rxh8
53. Rxh8 b4 54. Kf6 Kc5 55. Kxg5 b3 56. Kf4 Kd4 57. g5 b2 58. Rb8 Kc3 59. Ke4
1-0

[Event "SR 1. liga zapad 2012/2013"]
[Site "?"]
[Date "2013.03.24"]
[Round "11.1"]
[White "Dolnik, Attila"]
[Black "Frindt, Kornel"]
[Result "1-0"]
[WhiteElo "2156"]
[BlackElo "2189"]
[PlyCount "53"]
[EventDate "2012.??.??"]

1. b4 c6 2. c4 d5 3. cxd5 cxd5 4. Bb2 Nd7 5. Nf3 Ngf6 6. e3 e6 7. a3 Bd6 8. d4
Nb6 9. Nc3 a6 10. Bd3 O-O 11. O-O Bd7 12. Qe2 Rc8 13. Ne5 Be8 14. f4 Nfd7 15.
Rf3 f5 16. Rh3 Nxe5 17. fxe5 Be7 18. Rf1 Nc4 19. Ba1 Nxa3 20. e4 fxe4 21. Rxf8+
Bxf8 22. Nxe4 dxe4 23. Bxe4 Bg6 24. Bb2 Nb5 25. Bxg6 hxg6 26. Qg4 g5 27. Qxe6#
1-0

[Event "SR 1. liga zapad 2012/2013"]
[Site "?"]
[Date "2013.03.24"]
[Round "11.1"]
[White "Janos, Ivan"]
[Black "Darazs, Zoltan"]
[Result "1-0"]
[WhiteElo "2145"]
[BlackElo "2124"]
[PlyCount "65"]
[EventDate "2012.??.??"]

1. e4 c5 2. Nf3 Nc6 3. d4 cxd4 4. Nxd4 Nf6 5. Nc3 e5 6. Ndb5 d6 7. Bg5 a6 8.
Na3 b5 9. Bxf6 gxf6 10. Nd5 Bg7 11. Bd3 Ne7 12. Nxe7 Qxe7 13. c4 f5 14. O-O O-O
15. Re1 d5 16. cxd5 fxe4 17. Bxe4 Qd6 18. g3 f5 19. Bg2 e4 20. Qb3 Bb7 21. Rad1
Rac8 22. Nc2 Kh8 23. Nd4 Rc5 24. Ne6 Rfc8 25. Nxc5 Rxc5 26. f3 f4 27. fxe4 fxg3
28. e5 gxh2+ 29. Kh1 Bxe5 30. Qf3 Kg7 31. b4 Rc7 32. Qg4+ Kf6 33. Qh4+ 1-0

[Event "SR 1. liga zapad 2012/2013"]
[Site "?"]
[Date "2013.03.24"]
[Round "11.1"]
[White "Kral, Klaudia"]
[Black "Zacik, Anton"]
[Result "1-0"]
[WhiteElo "1871"]
[BlackElo "1944"]
[PlyCount "89"]
[EventDate "2012.??.??"]

1. e4 c5 2. c3 Qa5 3. Na3 d6 4. Nc4 Qc7 5. Nf3 e6 6. d4 Nf6 7. e5 dxe5 8. Ncxe5
Bd6 9. Bb5+ Nbd7 10. O-O O-O 11. Re1 a6 12. Bf1 cxd4 13. Nc4 Be7 14. Nxd4 b5
15. Ne3 Ne5 16. a4 b4 17. cxb4 Bxb4 18. Bd2 Bxd2 19. Qxd2 Rd8 20. Red1 Bb7 21.
Rac1 Qb6 22. a5 Qd6 23. Qe1 Neg4 24. Nxg4 Nxg4 25. Nf3 Qe7 26. Ne5 Rxd1 27.
Rxd1 Qg5 28. Nxg4 Qxg4 29. Qd2 h5 30. h3 Qa4 31. Rc1 Bd5 32. Rc7 Rb8 33. Bxa6
Qa1+ 34. Qc1 Qxb2 35. Rc8+ Kh7 36. Bd3+ g6 37. Qxb2 Rxb2 38. Rc7 Rb7 39. Rxb7
Bxb7 40. Kf1 Kg7 41. a6 Bc8 42. Ke2 Kf6 43. Ke3 Ke7 44. a7 Bb7 45. Be4 1-0

[Event "SR 1. liga zapad 2012/2013"]
[Site "?"]
[Date "2013.03.24"]
[Round "11.1"]
[White "Michal, Silvio"]
[Black "Bona, Zoltan"]
[Result "1/2-1/2"]
[WhiteElo "2105"]
[BlackElo "1948"]
[PlyCount "44"]
[EventDate "2012.??.??"]

1. c4 e6 2. g3 Nf6 3. Bg2 d5 4. Nf3 c5 5. O-O Nc6 6. cxd5 exd5 7. d4 b6 8. Bg5
Be7 9. Nc3 O-O 10. dxc5 bxc5 11. Bxf6 Bxf6 12. Qxd5 Qxd5 13. Nxd5 Bxb2 14. Rab1
Rb8 15. Nd2 Ba6 16. Nc7 Bxe2 17. Bxc6 Bxf1 18. Kxf1 Rfc8 19. Nd5 Kf8 20. Nc4
Bd4 21. Rxb8 Rxb8 22. Ke2 Rb1 1/2-1/2

[Event "SR 1. liga zapad 2012/2013"]
[Site "?"]
[Date "2013.03.24"]
[Round "11.1"]
[White "Szegi, Tamas"]
[Black "Tibensky, Robert"]
[Result "1/2-1/2"]
[WhiteElo "2228"]
[BlackElo "2396"]
[PlyCount "49"]
[EventDate "2012.??.??"]

1. e4 e6 2. Qe2 Be7 3. g3 d5 4. d3 c5 5. Bg2 Nc6 6. Nf3 Nf6 7. O-O b6 8. Nc3
Ba6 9. e5 Nd7 10. Re1 g5 11. Nxd5 exd5 12. e6 Nf6 13. exf7+ Kf8 14. Nxg5 Nd4
15. Ne6+ Nxe6 16. Qxe6 h6 17. Bxd5 Nxd5 18. Bxh6+ Rxh6 19. Qxh6+ Kxf7 20. Qh7+
Kf8 21. Qh8+ Kf7 22. Qh7+ Kf8 23. Qh8+ Kf7 24. Qh7+ Kf8 25. Qh8+ 1/2-1/2

[Event "SR 1. liga zapad 2012/2013"]
[Site "?"]
[Date "2013.03.24"]
[Round "11.1"]
[White "Varholakova, Niki"]
[Black "Berek, Geza"]
[Result "0-1"]
[WhiteElo "2200"]
[BlackElo "2158"]
[PlyCount "102"]
[EventDate "2012.??.??"]

1. e4 g6 2. d4 Bg7 3. Be3 c5 4. c3 cxd4 5. cxd4 d5 6. e5 Nh6 7. Nf3 Nc6 8. Bb5
O-O 9. Bxc6 bxc6 10. Qc1 Nf5 11. Qxc6 Nxe3 12. fxe3 Rb8 13. O-O Rxb2 14. Nc3
Bb7 15. Qc5 Qd7 16. Qa3 Rb6 17. Rfb1 Ra6 18. Qb2 Rb6 19. Qd2 Rxb1+ 20. Rxb1 Ba6
21. Rb4 Rc8 22. Na4 Bc4 23. Nc5 Qf5 24. h3 e6 25. Kf2 h5 26. Rxc4 g5 27. g4
hxg4 28. hxg4 Qxg4 29. Rc1 Qh3 30. Rg1 g4 31. Rg3 Qh5 32. Ne1 Bxe5 33. dxe5
Rxc5 34. Kg1 Rc4 35. Nd3 Qf5 36. Rg2 Kf8 37. Rf2 Qh7 38. Nf4 g3 39. Re2 Qf5 40.
Qb2 Qg4 41. Qd2 Qf3 42. Qe1 Re4 43. Qf1 Qg4 44. Kg2 Rxe5 45. Qh1 Ke7 46. Qh8
Qf5 47. Rb2 Qe4+ 48. Kf1 Qf3+ 49. Kg1 Qxe3+ 50. Kg2 Qe4+ 51. Kg1 Qd4+ 0-1

[Event "SR 1. liga zapad 2012/2013"]
[Site "?"]
[Date "2013.03.24"]
[Round "11.2"]
[White "Bagi, Mate"]
[Black "Schwarz, Dusan"]
[Result "0-1"]
[WhiteElo "2349"]
[BlackElo "2305"]
[PlyCount "134"]
[EventDate "2012.??.??"]

1. e4 c5 2. Nf3 e6 3. d4 cxd4 4. Nxd4 a6 5. Bd3 Bc5 6. Nb3 Be7 7. Qg4 g6 8. Qe2
d6 9. Nc3 Nd7 10. Bd2 Qc7 11. O-O-O b5 12. a3 Bb7 13. f4 Ngf6 14. Rhf1 Nc5 15.
Kb1 O-O 16. g4 Nxd3 17. cxd3 a5 18. Nxb5 Qb6 19. a4 Ba6 20. Be3 Qb8 21. N3d4
Rc8 22. Rc1 Qb7 23. Rxc8+ Rxc8 24. Rc1 Rxc1+ 25. Bxc1 e5 26. fxe5 dxe5 27. Nf3
Bxb5 28. axb5 Qxb5 29. h3 h5 30. g5 Nd7 31. Be3 Qb3 32. Qc2 Qe6 33. Qh2 a4 34.
Bd2 a3 35. Bc3 Bd6 36. Qf2 axb2 37. d4 Qc4 38. Bxb2 Qd3+ 39. Ka1 Qxe4 40. dxe5
Qa4+ 41. Kb1 Qd1+ 42. Ka2 Qd5+ 43. Kb1 Nxe5 44. Qb6 Qxf3 45. Qxd6 Qd3+ 46. Qxd3
Nxd3 47. Bd4 Nf4 48. h4 Ng2 49. Bf2 f6 50. Kc2 fxg5 51. hxg5 Nf4 52. Be3 Nd5
53. Bf2 Kf7 54. Kd3 Ke6 55. Ke4 Nc3+ 56. Kf4 Kd5 57. Bb6 Ne2+ 58. Kf3 Nd4+ 59.
Kg3 Ke4 60. Ba5 Nf5+ 61. Kh3 Kf3 62. Bd2 Ng3 63. Ba5 Ne4 64. Bd8 Nf2+ 65. Kh4
Kg2 66. Bc7 Ne4 67. Bf4 Nc3 0-1

[Event "SR 1. liga zapad 2012/2013"]
[Site "?"]
[Date "2013.03.24"]
[Round "11.2"]
[White "Hajek, Lukas"]
[Black "Borosova, Zuzana"]
[Result "1/2-1/2"]
[WhiteElo "2155"]
[BlackElo "2263"]
[PlyCount "35"]
[EventDate "2012.??.??"]

1. d4 d5 2. c4 c6 3. Nf3 Nf6 4. e3 Bf5 5. Nc3 e6 6. Nh4 Bg6 7. Nxg6 hxg6 8. Bd2
Nbd7 9. cxd5 exd5 10. Bd3 Bd6 11. Qc2 Qe7 12. h3 Nf8 13. O-O-O Ne6 14. Kb1
O-O-O 15. Bc1 Kb8 16. Rhe1 Rhe8 17. a3 Qc7 18. Qa4 1/2-1/2

[Event "SR 1. liga zapad 2012/2013"]
[Site "?"]
[Date "2013.03.24"]
[Round "11.2"]
[White "Krajnak, Robert"]
[Black "Edes, Zsofia"]
[Result "1/2-1/2"]
[WhiteElo "2075"]
[BlackElo "2044"]
[PlyCount "91"]
[EventDate "2012.??.??"]

1. c4 Nf6 2. Nc3 e6 3. e4 d6 4. d4 c5 5. Nf3 Nc6 6. Be2 g6 7. Be3 b6 8. O-O Bg7
9. h3 O-O 10. d5 exd5 11. cxd5 Ne7 12. Nd2 Nd7 13. Nc4 Nf6 14. Bf4 Ne8 15. Nb5
f5 16. e5 dxe5 17. Nxe5 a6 18. d6 axb5 19. dxe7 Qxe7 20. Bxb5 Bxe5 21. Qd5+ Be6
22. Qxe5 Qf6 23. Qe2 Qf7 24. a4 Nf6 25. Qe5 Bc4 26. Bh6 Bxb5 27. axb5 Rxa1 28.
Rxa1 Re8 29. Qd6 Qe6 30. Qc7 Nd7 31. Ra7 Qe1+ 32. Kh2 Qe5+ 33. Qxe5 Nxe5 34.
Rg7+ Kh8 35. Rb7 Nc4 36. b3 Na5 37. Rxb6 Nxb3 38. Rc6 Rb8 39. b6 Kg8 40. Bf4
Nd4 41. Rxc5 Rxb6 42. Rc8+ Kf7 43. Rc7+ Kg8 44. Rc8+ Kf7 45. Rc7+ Kg8 46. Rc8+
1/2-1/2

[Event "SR 1. liga zapad 2012/2013"]
[Site "?"]
[Date "2013.03.24"]
[Round "11.2"]
[White "Kukel, Imre 1985"]
[Black "Danada, Tomas"]
[Result "1-0"]
[WhiteElo "2260"]
[BlackElo "2098"]
[PlyCount "57"]
[EventDate "2012.??.??"]

1. e4 c5 2. Nf3 Nc6 3. Bb5 Nf6 4. e5 Nd5 5. Nc3 Nc7 6. Bxc6 dxc6 7. h3 Bf5 8.
d3 e6 9. O-O Be7 10. Bf4 g5 11. Bg3 h5 12. Nd2 g4 13. h4 Bxh4 14. Bxh4 Qxh4 15.
Nce4 b6 16. g3 Qe7 17. Nf6+ Kf8 18. f3 Nd5 19. fxg4 hxg4 20. Nde4 Rh3 21. Qd2
Nxf6 22. Nxf6 Rxg3+ 23. Kf2 Rh3 24. Rh1 Kg7 25. Rxh3 gxh3 26. Qg5+ Bg6 27. Nh5+
Kf8 28. Qh6+ Ke8 29. Nf6+ 1-0

[Event "SR 1. liga zapad 2012/2013"]
[Site "?"]
[Date "2013.03.24"]
[Round "11.2"]
[White "Magyar, Frantisek"]
[Black "Balogh, Peter"]
[Result "0-1"]
[WhiteElo "2009"]
[BlackElo "2013"]
[PlyCount "54"]
[EventDate "2012.??.??"]

1. d4 Nf6 2. c4 c5 3. d5 e6 4. Nc3 exd5 5. cxd5 d6 6. e4 g6 7. Be2 Bg7 8. Nf3
O-O 9. O-O Re8 10. Nd2 Nbd7 11. a4 Ne5 12. h3 g5 13. f4 gxf4 14. Rxf4 Bh6 15.
Rf1 Be3+ 16. Kh1 Ng6 17. Bf3 Bd4 18. Qc2 Kh8 19. Nc4 a6 20. a5 Rg8 21. Ne2 Nh4
22. Nxd4 cxd4 23. Qd3 Bxh3 24. gxh3 Rg3 25. Kh2 Qg8 26. Qe2 d3 27. Qxd3 Rg2+
0-1

[Event "SR 1. liga zapad 2012/2013"]
[Site "?"]
[Date "2013.03.24"]
[Round "11.2"]
[White "Novak, Ivan"]
[Black "Bottyan, Peter"]
[Result "1-0"]
[WhiteElo "2193"]
[BlackElo "2262"]
[PlyCount "61"]
[EventDate "2012.??.??"]

1. e4 e6 2. d4 d5 3. Bd3 dxe4 4. Bxe4 Nf6 5. Bd3 c5 6. c3 Nc6 7. Nf3 cxd4 8.
cxd4 Nb4 9. Bc4 Be7 10. Nc3 O-O 11. O-O a6 12. Bb3 b5 13. Qe2 Bb7 14. Rd1 Bxf3
15. Qxf3 Nbd5 16. Bg5 Ra7 17. Bxf6 Bxf6 18. Bxd5 exd5 19. Nxd5 Bg5 20. Nb4 Qd6
21. Nc6 Rc7 22. Ne5 g6 23. Qg3 f6 24. Qb3+ Kh8 25. Nf3 Bh6 26. a4 b4 27. Re1
Rfc8 28. g3 Rc4 29. Re8+ Bf8 30. Rae1 Qd7 31. Rxf8+ 1-0

[Event "SR 1. liga zapad 2012/2013"]
[Site "?"]
[Date "2013.03.24"]
[Round "11.2"]
[White "Voros, Gellert"]
[Black "Karas, Marek"]
[Result "0-1"]
[WhiteElo "2042"]
[BlackElo "1951"]
[Annotator "IBM_USER"]
[PlyCount "62"]
[EventDate "2012.??.??"]

1. e4 e6 2. d4 d5 3. Nd2 c5 4. exd5 Qxd5 5. Ngf3 cxd4 6. Bc4 Qd6 7. O-O Nf6 8.
Nb3 Nc6 9. Nbxd4 Nxd4 10. Nxd4 a6 11. c3 Qc7 12. Qe2 Bd6 13. h3 O-O 14. Bg5 Be7
15. Rfe1 Nd5 16. Bxe7 Nxe7 17. Rad1 Ng6 18. Bb3 b5 19. h4 Bb7 20. g3 Rfe8 21.
h5 Ne7 22. Qg4 Nc6 23. h6 g6 24. Nxe6 fxe6 25. Rxe6 Kh8 26. Rde1 Rxe6 27. Qxe6
Rf8 28. Bd5 Nd8 29. Qe8 Qd6 30. Re7 Qf6 31. Bxb7 Nxb7 $138 0-1

[Event "SR 1. liga zapad 2012/2013"]
[Site "?"]
[Date "2013.03.24"]
[Round "11.3"]
[White "Castiglione, Mario"]
[Black "Lanc, Alois"]
[Result "0-1"]
[WhiteElo "2282"]
[BlackElo "2402"]
[PlyCount "80"]
[EventDate "2012.??.??"]

1. e4 e5 2. d4 exd4 3. Nf3 Nc6 4. Nxd4 Bc5 5. Nxc6 Qf6 6. Qf3 bxc6 7. Nd2 Qxf3
8. gxf3 Ne7 9. Nb3 Bb6 10. c4 c5 11. Rg1 O-O 12. Be3 d6 13. O-O-O Bb7 14. Bh3
Kh8 15. Bd2 a5 16. Bc3 Ng6 17. Nd2 a4 18. a3 Ba5 19. Kc2 Bxc3 20. Kxc3 Nf4 21.
Bf1 f5 22. Rg5 fxe4 23. fxe4 Ne6 24. Rg2 Nd4 25. Bd3 Rf4 26. f3 Raf8 27. Rf1
Bc8 28. Rg3 h6 29. Bc2 Bd7 30. Bd1 g5 31. Re1 Rh4 32. e5 Rxh2 33. exd6 cxd6 34.
Re7 Bc6 35. Rg1 Rh3 36. Kd3 Bxf3 37. Re3 g4 38. Bxa4 Nf5 39. Rxf3 gxf3 40. Rf1
f2+ 0-1

[Event "SR 1. liga zapad 2012/2013"]
[Site "?"]
[Date "2013.03.24"]
[Round "11.3"]
[White "Drtina, Milan"]
[Black "Hacik, Radomir"]
[Result "0-1"]
[WhiteElo "2202"]
[BlackElo "2185"]
[PlyCount "124"]
[EventDate "2012.??.??"]

1. e4 c6 2. d4 d5 3. Nd2 dxe4 4. Nxe4 Bf5 5. Ng3 Bg6 6. Nf3 e6 7. Ne5 Nd7 8.
Nxg6 hxg6 9. c3 Ngf6 10. Bg5 Qc7 11. Qf3 Bd6 12. Ne4 Nxe4 13. Qxe4 Rxh2 14.
Rxh2 Bxh2 15. O-O-O Bd6 16. Qh4 f6 17. Bd2 O-O-O 18. Bc4 e5 19. Qg4 exd4 20.
cxd4 g5 21. Be6 Kb8 22. Kb1 Nf8 23. Bf5 Bf4 24. Bc3 g6 25. Bc2 f5 26. Qe2 Qd7
27. Re1 Bc7 28. Bb3 Bb6 29. Rd1 Qe8 30. Qf3 g4 31. Qe3 Rd7 32. a4 Qd8 33. Qd2
a6 34. a5 Ba7 35. Qf4+ Ka8 36. Qe5 Bb8 37. Qc5 Bd6 38. Qc4 Re7 39. Qg8 Re2 40.
d5 c5 41. Rd2 Qe8 42. Rxe2 Qxe2 43. Bg7 c4 44. Bc2 Qe1+ 45. Ka2 Qxa5+ 46. Kb1
Qe1+ 47. Ka2 b5 48. Bxf8 Qe8 49. b3 cxb3+ 50. Kxb3 Qc8 51. Qe6 Qxe6 52. dxe6
Bxf8 53. Kc3 Kb7 54. f4 Kc6 55. Bb3 Be7 56. Kd4 a5 57. Bc2 Bf6+ 58. Kd3 Kc5 59.
e7 Bxe7 60. Bb3 a4 61. Bf7 b4 62. Bxg6 b3 0-1

[Event "SR 1. liga zapad 2012/2013"]
[Site "?"]
[Date "2013.03.24"]
[Round "11.3"]
[White "Kovac, Andrej"]
[Black "Lukac, Roman"]
[Result "1/2-1/2"]
[WhiteElo "2148"]
[BlackElo "2127"]
[PlyCount "96"]
[EventDate "2012.??.??"]

1. Nf3 d5 2. d4 Nf6 3. e3 e6 4. Bd3 Nbd7 5. Nbd2 Bd6 6. O-O b6 7. b3 Bb7 8. Bb2
O-O 9. Ne5 c5 10. f4 Qc7 11. g4 Rad8 12. c3 Ne4 13. g5 f5 14. Qe1 Bxe5 15. dxe5
Rf7 16. g6 hxg6 17. Nf3 Nf8 18. Qh4 Qe7 19. Qh3 g5 20. Bxe4 g4 21. Qg3 gxf3 22.
Bxf3 g6 23. Rad1 Ba6 24. Rf2 Rh7 25. Rfd2 Rc8 26. Ba3 Qh4 27. Be2 Bxe2 28. Rxe2
Qh5 29. Red2 g5 30. Kh1 Rg7 31. Rg1 g4 32. Rgd1 c4 33. Bxf8 Kxf8 34. Rc1 Rgc7
35. Rdc2 Kf7 36. Qg2 Rh8 37. Rd2 Ke7 38. Rd4 Rhc8 39. b4 Rh8 40. Rd2 Rd7 41.
Rg1 Kd8 42. Qf2 Qe8 43. a4 Rdh7 44. b5 Kc7 45. Rg3 Qa8 46. Kg1 Qf8 47. Ra2 Qc5
48. Qd2 Kb7 1/2-1/2

[Event "SR 1. liga zapad 2012/2013"]
[Site "?"]
[Date "2013.03.24"]
[Round "11.3"]
[White "Likavsky, Tomas"]
[Black "Havlicek, Libor"]
[Result "1-0"]
[WhiteElo "2449"]
[BlackElo "2299"]
[PlyCount "159"]
[EventDate "2012.??.??"]

1. d4 Nf6 2. c4 c5 3. Nf3 g6 4. Nc3 cxd4 5. Nxd4 Bg7 6. e4 d6 7. Be2 Nc6 8. Nc2
Be6 9. O-O O-O 10. f3 Rc8 11. Be3 Nd7 12. Qd2 a6 13. Na3 Qa5 14. Rac1 Rfd8 15.
Nab1 Rb8 16. a3 Rdc8 17. b4 Qd8 18. Rfd1 Nce5 19. Nd5 Rc6 20. a4 a5 21. bxa5
Nc5 22. Qb4 Ned7 23. Na3 Kf8 24. Nb5 Ra8 25. Bg5 f6 26. Bd2 Ne5 27. Nb6 Ncd3
28. Nd4 Bd7 29. Nxc6 Nxc6 30. Qb1 Nxc1 31. Rxc1 Ra7 32. c5 Be6 33. cxd6 Qxd6
34. Be1 Bh6 35. Nc4 Qc5+ 36. Bf2 Nd4 37. Qd3 Bxc1 38. Bxd4 Qxc4 39. Qd1 Qb3 40.
Bxa7 Be3+ 41. Bxe3 Qxe3+ 42. Kf1 Bb3 43. Qd8+ Kf7 44. Qc7 Qd2 45. h4 Qb4 46. a6
bxa6 47. a5 f5 48. exf5 Qxh4 49. fxg6+ hxg6 50. Bxa6 Qh1+ 51. Kf2 Qh4+ 52. Ke2
Qd4 53. Bd3 Qb2+ 54. Kf1 Qa1+ 55. Kf2 Qd4+ 56. Ke2 Qb2+ 57. Ke3 Qxg2 58. Qf4+
Kg7 59. Qg4 Qb2 60. Qxg6+ Kf8 61. Qh6+ Ke8 62. Qh5+ Kd8 63. Qc5 Ke8 64. a6 Qa2
65. a7 Bd5 66. Be4 Qb3+ 67. Kf4 Bxe4 68. Kxe4 Qe6+ 69. Kd4 Qf6+ 70. Ke3 Qh6+
71. Kd3 Qa6+ 72. Kc3 Qf6+ 73. Kb4 Qb2+ 74. Ka5 Kf7 75. Qd5+ e6 76. Qd7+ Kf6 77.
Qd8+ Kf7 78. a8=Q Qa3+ 79. Kb6 Qb3+ 80. Kc7 1-0

[Event "SR 1. liga zapad 2012/2013"]
[Site "?"]
[Date "2013.03.24"]
[Round "11.3"]
[White "Sosovicka, Juraj"]
[Black "Doucha, Ludvik"]
[Result "1/2-1/2"]
[WhiteElo "2089"]
[BlackElo "2072"]
[PlyCount "38"]
[EventDate "2012.??.??"]

1. e4 e5 2. Nf3 d6 3. d4 exd4 4. Nxd4 g6 5. Nc3 Bg7 6. Be3 Nf6 7. Qd2 O-O 8.
O-O-O Re8 9. f3 Nc6 10. h4 Nxd4 11. Bxd4 Be6 12. h5 c5 13. Be3 Qa5 14. hxg6
fxg6 15. a3 a6 16. Ne2 Qa4 17. Nc3 Qa5 18. Ne2 Qa4 19. Nc3 Qa5 1/2-1/2

[Event "SR 1. liga zapad 2012/2013"]
[Site "?"]
[Date "2013.03.24"]
[Round "11.3"]
[White "Szitkey, Milan"]
[Black "Dolnak, Michal"]
[Result "1-0"]
[WhiteElo "2137"]
[BlackElo "2115"]
[PlyCount "81"]
[EventDate "2012.??.??"]

1. e4 e5 2. Nf3 Nc6 3. Bb5 Nf6 4. d3 Bc5 5. c3 d6 6. O-O Bb6 7. h3 O-O 8. Re1
Ne7 9. Nbd2 Ng6 10. Nf1 c6 11. Ba4 h6 12. Ng3 d5 13. Bb3 Re8 14. a4 a5 15. Qc2
Be6 16. Be3 Bxe3 17. Rxe3 Qb6 18. exd5 Nxd5 19. Bxd5 Bxd5 20. Rae1 Bxf3 21.
Rxf3 Red8 22. Nf5 c5 23. Re4 Rd7 24. Rg4 Rad8 25. h4 h5 26. Rg5 e4 27. Rfg3
Rxd3 28. Qe2 Rxg3 29. Rxg3 Qe6 30. Qxh5 Rd3 31. Rg5 Kf8 32. Ne3 b6 33. g3 Rd2
34. Rd5 Rxd5 35. Qxd5 Ne5 36. Qxe4 Qd6 37. Nf5 Qb8 38. f4 Ng4 39. Qe7+ Kg8 40.
Qg5 g6 41. Qxg4 1-0

[Event "SR 1. liga zapad 2012/2013"]
[Site "?"]
[Date "2013.03.24"]
[Round "11.3"]
[White "Turna, Stefan"]
[Black "Banas, Jan"]
[Result "1/2-1/2"]
[WhiteElo "2208"]
[BlackElo "2275"]
[PlyCount "75"]
[EventDate "2012.??.??"]

1. d4 Nf6 2. c4 g6 3. Nc3 d5 4. cxd5 Nxd5 5. e4 Nxc3 6. bxc3 Bg7 7. Nf3 c5 8.
Rb1 O-O 9. Be2 b6 10. O-O Bb7 11. Qd3 Ba6 12. Qe3 e6 13. dxc5 Bxe2 14. Qxe2
bxc5 15. Rd1 Qc7 16. Qb5 a6 17. Qc4 Nd7 18. Be3 Rfc8 19. Qa4 Nb6 20. Qa5 Nc4
21. Qxc7 Rxc7 22. Bf4 Rcc8 23. Rd7 h6 24. h4 Rd8 25. Rbd1 Rxd7 26. Rxd7 Rc8 27.
Ra7 a5 28. Nd2 Nxd2 29. Bxd2 Rd8 30. Be3 Bxc3 31. Bxc5 Rd1+ 32. Kh2 Rd2 33. a3
Rc2 34. g3 e5 35. Kg2 Bd2 36. Bb6 Ra2 37. Bxa5 Rxa3 38. Bb6 1/2-1/2